भारत की प्राचीन विधाएँ / (Record no. 31772)

MARC details
000 -LEADER
fixed length control field 01137nam a22002537a 4500
005 - DATE AND TIME OF LATEST TRANSACTION
control field 20091113101412.0
008 - FIXED-LENGTH DATA ELEMENTS--GENERAL INFORMATION
fixed length control field 091113t xxu||||| |||| 00| 0 hin d
010 ## - LCCN (DPL NO)
LC control number HIN-88516
020 ## - INTERNATIONAL STANDARD BOOK NUMBER
Terms of availability 100.00
International Standard Book Number 9788190530248
035 ## - SYSTEM CONTROL NUMBER
System control number HN-60862
037 ## - SOURCE OF ACQUISITION
Source of stock number/acquisition DBAD / PUB
040 ## - CATALOGING SOURCE
Original cataloging agency DPL
Language of cataloging HN
082 ## - DEWEY DECIMAL CLASSIFICATION NUMBER
Classification number 954
100 ## - MAIN ENTRY--PERSONAL NAME
Personal name सर्वे, आचार्य
245 ## - TITLE STATEMENT
Title भारत की प्राचीन विधाएँ /
Statement of responsibility, etc आचार्य सर्वे
246 ## - VARYING FORM OF TITLE
Title proper/short title A Booket on indology
Remainder of title by Acharya Serve
260 ## - PUBLICATION, DISTRIBUTION, ETC. (IMPRINT)
Place of publication, distribution, etc जयपुर
Name of publisher, distributor, etc साक्षी प्रकाशन
Date of publication, distribution, etc 2009
270 ## - ADDRESS
Address 26, शिव वाटिका, माडल टाउन 'सी' के पास, मालवीय नगर
City जयपुर
300 ## - PHYSICAL DESCRIPTION
Extent 88पृ
Dimensions 22सेमी (सजिल्द)
650 ## - SUBJECT ADDED ENTRY--TOPICAL TERM
Topical term or geographic name as entry element भारत
General subdivision सभ्यता
650 ## - SUBJECT ADDED ENTRY--TOPICAL TERM
Topical term or geographic name as entry element India
General subdivision Civilization
942 ## - ADDED ENTRY ELEMENTS (KOHA)
Source of classification or shelving scheme Dewey Decimal Classification
Item type Hindi Books
Classification part 954
Call number suffix सर्वेआ
Holdings
Withdrawn status Lost status Source of classification or shelving scheme Damaged status Not for loan Collection code Home library Current library Date acquired Source of acquisition Cost, normal purchase price Total Checkouts Full call number Barcode Date last seen Copy number Cost, replacement price Koha item type
    Dewey Decimal Classification   Not For Loan Non-fiction D.B.Act.Division D.B.Act.Division 13/11/2009 DBAD / PUB 100.00   954 सर्वेआ HN-60862 13/11/2009 1 100.00 Hindi Books

© Delhi Public Library
Hit Counter
free hit counter